[Event "Open A"]
[Site "Arco di Trento ITA"]
[Date "2007.10.23"]
[Round "4"]
[White "Rigo,G"]
[Black "Scharrer,P"]
[Result "0-1"]
[WhiteElo "2063"]
[BlackElo "2220"]

1.e4 d5 2.exd5 Qxd5 3.Nc3 Qd6 4.d4 Nf6 5.Nf3 Bg4 6.h3 Bh5 7.g4 Bg6 8.Ne5 Nbd7
9.Nb5 Qb6 10.Nc4 Qe6+ 11.Ne3 O-O-O 12.f4 Nd5 13.f5 Nxe3 14.fxe6 Nxd1 15.exd7+ Rxd7
16.Kxd1 e6 17.Na3 Rxd4+ 18.Ke2 a6 19.Be3 Ra4 20.Bg2 Bxa3 21.bxa3 Bxc2 22.Rac1 Be4
23.Bxe4 Rxe4 24.Kf3 Ra4 25.Rc3 Rd8 26.Rhc1 c6 27.R1c2 Rd5 28.Rd2 Rxd2 29.Bxd2 f6
30.Be3 Kc7 31.Bc5 e5 32.Kg3 Ra5 33.Kf3 g6 34.Be7 f5 35.g5 Kd7 36.Bc5 Ke6
37.Bb4 Rd5 38.Ke3 f4+ 39.Ke4 Rd4+ 40.Kf3 Kf5 41.Rc5 Rd3+ 42.Kg2 Rg3+ 43.Kh2 Rxg5
44.Bc3 Ke4 45.Be1 f3 46.Rc2 Kd3 47.Rb2 e4 48.Rxb7 e3 49.Rf7 Ke2 50.Bg3 f2
51.Bxf2 exf2 52.Re7+ Kf3  0-1

[Event "IV Veterans"]
[Site "Calvia ESP"]
[Date "2007.10.23"]
[Round "9"]
[White "Brinck Claussen,B"]
[Black "Zoltek,T"]
[Result "1/2-1/2"]
[WhiteElo "2326"]
[BlackElo "2223"]

1.e4 d5 2.exd5 Qxd5 3.Nc3 Qd6 4.d4 Nf6 5.Nf3 a6 6.h3 b5 7.Be3 Bb7 8.Bd3 Nbd7
9.Qe2 Nb6 10.O-O e6 11.a4 b4 12.Nb1 Nbd5 13.Nbd2 Nf4 14.Bxf4 Qxf4 15.Qe5 Bd6
16.Qxf4 Bxf4 17.Rfe1 Bxd2 18.Nxd2 Rd8 19.Nb3 Rd6 20.a5 Bd5 21.Nc5 Bc6 22.Nxa6 Rxd4
23.Bb5 Bxb5 24.Nxc7+ Ke7 25.Nxb5 Rd5 26.c4 bxc3 27.Nxc3 Rc5 28.Rec1 Rc4 29.a6 Rb4
30.Ra5 Ra8 31.Nb5 Nd5 32.Nc7 Nxc7 33.Rxc7+ Kf6 34.Rb7 Rxa6 35.Rxf7+  1/2-1/2

[Event "IV Open"]
[Site "Calvia ESP"]
[Date "2007.10.23"]
[Round "9"]
[White "Movsziszian,K"]
[Black "Caspi,I"]
[Result "0-1"]
[WhiteElo "2531"]
[BlackElo "2377"]

1.e4 d5 2.exd5 Qxd5 3.Nc3 Qd6 4.d4 Nf6 5.Nf3 c6 6.g3 Bg4 7.Bg2 e6 8.h3 Bxf3
9.Bxf3 Be7 10.O-O O-O 11.Bf4 Qb4 12.a3 Qb6 13.Na4 Qa5 14.c4 Nbd7 15.b4 Qf5
16.Kh2 a5 17.Rb1 axb4 18.axb4 Rfd8 19.Bc7 Rdc8 20.g4 Qg6 21.Bf4 Ne4 22.Kg2 Bg5
23.Bxg5 Nxg5 24.Nc5 Nf8 25.h4 Nxf3 26.Qxf3 h5 27.g5 Rd8 28.Rbd1 b6 29.Nd3 Ra3
30.Ne5 Rxf3 31.Nxg6 Rc3 32.Ne7+ Kh7 33.Rc1 Rxc1 34.Rxc1 Rxd4 35.Nxc6 Rg4+
36.Kf3 Ng6 37.Ke3 Nxh4 38.c5 Nf5+ 39.Kd3 b5 40.f3 Rc4 41.Rb1 h4 42.Ne5 Rd4+
43.Kc3 f6 44.gxf6 gxf6 45.Ng4 Kg6 46.Rg1 Rc4+ 47.Kd3 Rxb4 48.c6 Rd4+ 49.Kc3 Rc4+
50.Kb2 Kf7  0-1

[Event "Open A"]
[Site "Arco di Trento ITA"]
[Date "2007.10.24"]
[Round "5"]
[White "Valenti,G"]
[Black "Vink,W"]
[Result "1-0"]
[WhiteElo "2207"]
[BlackElo "2084"]

1.e4 d5 2.exd5 Qxd5 3.Nc3 Qd8 4.Nf3 Nf6 5.Bc4 e6 6.d4 Nbd7 7.O-O c6 8.a3 Bd6
9.Re1 O-O 10.Bg5 Qc7 11.Qe2 b5 12.Bd3 a6 13.Ne4 Be7 14.Ne5 Bb7 15.Nxd7 Qxd7
16.Nxf6+ Bxf6 17.Qe4 Rfd8 18.Qxh7+ Kf8 19.Qh8+ Ke7 20.Qxg7 Bxg5 21.Qxg5+ Ke8
22.c3 Rac8 23.Re5 Qe7 24.Qxe7+ Kxe7 25.b4 Rh8 26.Be4 Rcg8 27.Rc5 Kd6 28.a4 bxa4
29.Rxa4  1-0

[Event "33rd Fortis Open"]
[Site "Guernsey GCI"]
[Date "2007.10.24"]
[Round "4"]
[White "Bolt,G"]
[Black "Epishin,V"]
[Result "0-1"]
[WhiteElo "2097"]
[BlackElo "2578"]

1.e4 d5 2.exd5 Qxd5 3.Nc3 Qd6 4.d4 Nf6 5.g3 c6 6.Bg2 Bf5 7.Nge2 e6 8.O-O Qc7
9.a3 Bd6 10.b4 Nbd7 11.b5 O-O 12.bxc6 bxc6 13.Bf4 Bxf4 14.Nxf4 Rad8 15.Nce2 c5
16.c3 e5 17.dxe5 Nxe5 18.Qa4 g5 19.Nh3 Rd2 20.Nc1 h6 21.Ra2 Bd7 22.Qa6 Rd6
23.Qe2 Re8 24.Qc2 Qc8 25.f4 Nc4 26.fxg5 Ne3 27.Qe2 Nxf1 28.Qxf1 Bxh3 29.Bxh3 Qd8
30.Qf4 Rd1+ 31.Bf1 Nd5 32.Qf3 Ne3 33.Rf2 Rxf1+ 34.Rxf1 Nxf1 35.Qxf1 Qd2  0-1

[Event "ch-Euro Blitz"]
[Site "Ajaccio FRA"]
[Date "2007.10.25"]
[Round "5"]
[White "Battesti,S"]
[Black "Bauer,Ch"]
[Result "0-1"]
[WhiteElo "1935"]
[BlackElo "2634"]

1.e4 d5 2.exd5 Qxd5 3.Nc3 Qd6 4.d4 Nf6 5.Nf3 a6 6.Be2 Bf5 7.O-O e6 8.Be3 Nc6
9.Nh4 Bg6 10.Bf3 O-O-O 11.Nxg6 hxg6 12.g3 Nxd4 13.Bxd4 Qxd4 14.Qe2 Bd6 15.Rfd1 Qe5
16.Qc4 Bc5 17.Na4 Bxf2+ 18.Kxf2 Rxh2+ 19.Bg2 Ne4+ 20.Kg1 Rxg2+ 21.Kxg2 Qxg3+  0-1

[Event "Open A"]
[Site "Arco di Trento ITA"]
[Date "2007.10.25"]
[Round "6"]
[White "Pipitone,A"]
[Black "Scharrer,P"]
[Result "0-1"]
[WhiteElo "2028"]
[BlackElo "2220"]

1.e4 d5 2.exd5 Qxd5 3.Nc3 Qd6 4.d4 Nf6 5.Be3 a6 6.Nf3 b5 7.a3 Bb7 8.Be2 e6
9.Qd2 Nbd7 10.Bf4 Qb6 11.O-O c5 12.dxc5 Bxc5 13.b4 Be7 14.Rfd1 Rc8 15.Ne5 Nxe5
16.Bxe5 O-O 17.Qf4 Nd5 18.Nxd5 Bxd5 19.Bd3 f6 20.Qh4 g6 21.Bb2 Qb7 22.f3 e5
23.Qh6 Rf7 24.Re1 Bf8 25.Qd2 Rd7 26.Rad1 Rcd8 27.Qe2 Qc6 28.f4 exf4 29.Qg4 f3
30.Bf5 Rg7 31.Be4 Re7 32.gxf3 Kg7 33.Qg5 Red7 34.Rxd5 Rxd5 35.Qe3 Qe6 36.Bxd5 Qxe3+
37.Rxe3 Rxd5 38.Re6 Rd6 39.Bxf6+ Kf7 40.Rxd6 Bxd6 41.Bb2 Ke6 42.h3 Kd5 43.Kf2 Bf4
44.Ke2 Kc4 45.Kd1 h5 46.Ke2 Bh6 47.Kd1 Be3 48.Ke2 Bd4 49.Bc1 Kc3 50.Kd1 Bf6
51.Bd2+ Kb2 52.Bc1+ Kb1 53.f4 Bd4 54.Kd2 Bb6 55.c3 Bd8 56.Kd1 Bf6 57.Bd2 Kb2
58.c4 bxc4 59.a4 c3 60.Bc1+ Kb1 61.b5 axb5 62.axb5 c2+ 63.Kd2 Bb2  0-1

[Event "2nd MAIG Team Standard"]
[Site "Macau CHN"]
[Date "2007.10.29"]
[Round "4"]
[White "Lumongdong,L"]
[Black "Safar,A"]
[Result "1-0"]
[WhiteElo "2151"]
[BlackElo "1545"]

1.e4 d5 2.exd5 Qxd5 3.Nc3 Qd6 4.d4 Nf6 5.Bc4 a6 6.Nge2 Qc6 7.Qd3 Qxg2 8.Rg1 Qh3
9.Be3 b5 10.Bb3 Bb7 11.O-O-O Nc6 12.Nf4 Qd7 13.Qe2 Na5 14.Nd3 Nxb3+ 15.axb3 e6
16.Ne5 Qe7 17.Bg5 O-O-O 18.f3 h6 19.Bh4 g5 20.Bg3 Bg7 21.Kb1 Nd5 22.Ne4 Nf6
23.Nc5 Nd5 24.c4 bxc4 25.bxc4 Nb6 26.Nxb7 Kxb7 27.Qe4+ Nd5 28.cxd5 Rxd5 29.Rc1 Bxe5
30.Bxe5 Rc8 31.Rc5 f5 32.Qc2 Rxc5 33.Qxc5 Qd7 34.Rc1 c6 35.Rc4 Qd5 36.Rb4+ Ka8
37.Qb6 Qd7 38.Qxa6+  1-0

[Event "2nd MAIG Team Standard"]
[Site "Macau CHN"]
[Date "2007.10.30"]
[Round "5"]
[White "Shrestha,K"]
[Black "Wong Meng Kong"]
[Result "0-1"]
[WhiteElo "2149"]
[BlackElo "2445"]

1.e4 d5 2.exd5 Qxd5 3.Nc3 Qd6 4.d4 Nf6 5.Bc4 a6 6.Nge2 Qc6 7.Qd3 Qxg2 8.Rg1 Qh3
9.Be3 Nc6 10.O-O-O Qd7 11.Bf4 Na5 12.Rg5 b5 13.Bxb5 axb5 14.Nxb5 Ba6 15.Nxc7+ Qxc7
16.Bxc7 Bxd3 17.Rxd3 Nc6 18.a3 e6 19.Nc3 g6 20.Rb5 Bh6+ 21.Kb1 O-O 22.d5 Nxd5
23.Nxd5 exd5 24.Rbxd5 Rfe8 25.f4 Re1+ 26.Rd1 Rxd1+ 27.Rxd1 Rc8 28.Bd6 Rd8
29.Rd3 Bf8 30.Bc7 Rxd3 31.cxd3 f5 32.b4 Bxb4 33.axb4 Nxb4 34.Kc1 Nxd3+ 35.Kd2 Nb4
36.Bd6 Nd5 37.Ke2 Kf7 38.Kf3 Ke6 39.Bb8 Nf6 40.Ba7 Kd5 41.Bb6 Kc4 42.Ba7 Kd3
43.Bb6 Nd7 44.Ba7 Nf8 45.Bb8 Ne6 46.Bd6 Nd4+ 47.Kf2 Ke4 48.Bb8 Ne6 49.Kg3 Ng7
50.Bd6 Nh5+ 51.Kh4 Nxf4 52.Kg5 Nh3+ 53.Kh4 Nf2 54.Kg5 f4 55.h4 f3 56.Bc5 Nd3
57.Bb6 f2 58.Bxf2 Nxf2 59.h5 Nh3+ 60.Kh6  0-1

[Event "6th North Am FIDE Inv"]
[Site "Chicago USA"]
[Date "2007.11.03"]
[Round "8"]
[White "Pasalic,M"]
[Black "Muhammad,St"]
[Result "1-0"]
[WhiteElo "2407"]
[BlackElo "2384"]

1.e4 d5 2.exd5 Qxd5 3.Nc3 Qd6 4.d4 Nf6 5.Nge2 Bg4 6.f3 Bf5 7.Bf4 Qd8 8.Qd2 e6
9.O-O-O Bb4 10.g4 Bg6 11.h4 h5 12.Bg5 hxg4 13.fxg4 Qd6 14.Bg2 c6 15.h5 Be4
16.Bxf6 Bxg2 17.Bxg7 Rh7 18.Be5 Qf8 19.Rhg1 Bd5 20.Qd3 Qh6+ 21.Bf4 Qg7 22.Nxd5 exd5
23.Qb3  1-0

[Event "ETCC w"]
[Site "Crete GRE"]
[Date "2007.11.04"]
[Round "7"]
[White "Skripchenko,A"]
[Black "Mamedjarova,Z"]
[Result "1-0"]
[WhiteElo "2438"]
[BlackElo "2342"]

1.e4 d5 2.exd5 Qxd5 3.Nc3 Qd6 4.d4 Nf6 5.Nf3 a6 6.g3 Bg4 7.Bg2 Nc6 8.O-O O-O-O
9.d5 Nb4 10.Bf4 Qc5 11.Be3 Qa5 12.h3 Bh5 13.g4 Bg6 14.Nd4 Nbxd5 15.Nb3 Qb4
16.Nxd5 Nxd5 17.Bxd5 e6 18.a3 Qb5 19.c4 Qe8 20.Bxb7+ Kxb7 21.Na5+ Kc8 22.Qf3 Qa4
23.b4 Bd6 24.c5 Be7 25.Qb7+ Kd7 26.Nc6 Ke8 27.Nxd8 Bxd8 28.Rad1 Ke7 29.Qf3 Re8
30.h4 Kf8 31.h5 Bc2 32.Rd2 h6 33.c6 Kg8 34.Rd7 Rf8 35.Bc5  1-0

[Event "ETCC w"]
[Site "Crete GRE"]
[Date "2007.11.04"]
[Round "7"]
[White "Vega Gutierrez,S"]
[Black "Drljevic,L"]
[Result "1-0"]
[WhiteElo "2331"]
[BlackElo "2270"]

1.e4 d5 2.exd5 Qxd5 3.Nc3 Qd8 4.d4 Nf6 5.Bg5 e6 6.Nf3 Be7 7.Bd3 Nbd7 8.Qe2 c6
9.O-O-O Qa5 10.Kb1 h6 11.Bh4 Nb6 12.Ne5 Qb4 13.f4 Nfd5 14.Be1 Nxc3+ 15.Bxc3 Qd6
16.Qh5 O-O 17.g4 Nd5 18.Bd2 Nf6 19.Qh3 Qxd4 20.g5 hxg5 21.fxg5 Ne4 22.Rde1 f5
23.Bxe4 Qxe5 24.g6  1-0

[Event "VIII Int Rapid"]
[Site "El Sauzal ESP"]
[Date "2007.11.04"]
[Round "8"]
[White "Strikovic,A"]
[Black "Drazic,S"]
[Result "0-1"]
[WhiteElo "2551"]
[BlackElo "2493"]

1.e4 d5 2.exd5 Qxd5 3.Nc3 Qd6 4.d4 Nf6 5.Nf3 c6 6.Bg5 Bg4 7.Be2 Nbd7 8.Qd2 e6
9.O-O-O h6 10.Bf4 Qb4 11.h3 Bxf3 12.Bxf3 Bd6 13.a3 Bxf4 14.Qxf4 Qa5 15.h4 O-O-O
16.Rhe1 Qc7 17.Ne2 Qxf4+ 18.Nxf4 g5 19.Nd3 Rdg8 20.c4 Re8 21.Re3 Rhg8 22.Rh1 Kd8
23.Kc2 a6 24.Kc3 Kc7 25.b4 Rc8 26.Ne5 g4 27.Be2 Nxe5 28.dxe5 Nd7 29.Rd1 Rcd8
30.Rd4 h5 31.f3 gxf3 32.Bxf3 Rh8 33.c5 a5 34.Rd6 axb4+ 35.axb4 Ra8 36.Kb3 Ra1
37.Rd1 Ra7 38.Kc4 Ra2 39.Re4 Ra3 40.Rd3 Ra2 41.Kd4 Ra4 42.Ke3 Rh7 43.Kf4 Ra8
44.Red4 f6 45.exf6 e5+  0-1

[Event "Open"]
[Site "Villa de Navalmoral ESP"]
[Date "2007.11.06"]
[Round "3"]
[White "Figuero Toro,J"]
[Black "Gofshtein,Z"]
[Result "0-1"]
[WhiteElo "2251"]
[BlackElo "2542"]

1.e4 d5 2.exd5 Qxd5 3.Nc3 Qd6 4.d4 Nf6 5.Nf3 a6 6.Be3 b5 7.Qd3 Nbd7 8.O-O-O Bb7
9.Ng5 e6 10.Be2 b4 11.Nce4 Nxe4 12.Nxe4 Qd5 13.Bf3 Qxa2 14.Nf6+ gxf6 15.Bxb7 Rb8
16.Qxa6 b3 17.Rd3 Qxa6 18.Bxa6 Ra8  0-1

[Event "Open"]
[Site "Villa de Navalmoral ESP"]
[Date "2007.11.07"]
[Round "5"]
[White "Figuero Toro,J"]
[Black "Epishin,V"]
[Result "1/2-1/2"]
[WhiteElo "2251"]
[BlackElo "2578"]

1.e4 d5 2.exd5 Qxd5 3.Nc3 Qd6 4.d4 Nf6 5.Nf3 g6 6.Nb5 Qb6 7.c4 c6 8.c5 Qd8
9.Nc3 Bg7 10.Bc4 O-O 11.h3 b6 12.O-O bxc5 13.dxc5 Nbd7 14.Be3 Bb7 15.Qa4 a5
16.Rad1 Qc8 17.Rfe1 e6 18.Bb3 Nd5 19.Bd4 Qc7 20.Bxg7 Kxg7 21.Qd4+ Kg8 22.Ng5 Rfd8
23.Rxe6 Re8 24.Rxe8+ Rxe8 25.Nxd5 cxd5 26.Bxd5 Bxd5 27.Qxd5 Nxc5 28.Nxf7 Qxf7
29.Qxc5 Qxa2 30.Qc3 Qa4 31.Qd3 Qb4 32.Qd5+ Kg7 33.Qd7+ Re7 34.Qd4+ Qxd4 35.Rxd4 Re1+
36.Kh2 Re2 37.Ra4  1/2-1/2

[Event "4NCL"]
[Site "Birmingham ENG"]
[Date "2007.11.10"]
[Round "3"]
[White "Cumming,R"]
[Black "Grigoryan Lyell,M"]
[Result "0-1"]
[WhiteElo "1845"]
[BlackElo "2037"]

1.e4 d5 2.exd5 Qxd5 3.Nc3 Qd6 4.d4 a6 5.Nf3 Nf6 6.Bd3 Bg4 7.h3 Bxf3 8.Qxf3 Nc6
9.Be3 O-O-O 10.O-O-O e6 11.Ne4 Qd5 12.Ng5 Qxa2 13.Nxf7 Bb4 14.c3 Rdf8 15.Nxh8 Nd5
16.Qe2 Nxc3 17.Qc2 Qa1+ 18.Kd2 Nxd1+ 19.Ke2 Nxe3 20.Rxa1 Nxc2 21.Bxc2 Nxd4+  0-1

[Event "Open"]
[Site "Liberec CZE"]
[Date "2007.11.14"]
[Round "6"]
[White "Muehlhan,K"]
[Black "Agafonov,Y"]
[Result "0-1"]
[WhiteElo "1946"]
[BlackElo "2173"]

1.e4 d5 2.exd5 Qxd5 3.Nc3 Qd6 4.Bc4 Nc6 5.Nge2 e5 6.O-O Bg4 7.d3 Nf6 8.Be3 Be7
9.Qe1 a6 10.f4 O-O 11.Ng3 exf4 12.Nge4 Nxe4 13.Nxe4 Qg6 14.Rxf4 Kh8 15.Qd2 Ne5
16.Bb3 f5 17.Ng3 h5 18.d4 Nf7 19.Rf2 Nd6 20.Qd3 Ne4 21.Nxe4 fxe4 22.Qd2 Rxf2
23.Bxf2 h4 24.Rf1 h3 25.Bg3 hxg2 26.Qxg2 e3 27.Bc4 Bg5 28.Bd3 Qh5 29.Qxb7 Re8
30.Qb4 Bf3 31.Bf5 e2 32.Re1 Be4  0-1

[Event "TCh-FIN 2007-8"]
[Site "Finland FIN"]
[Date "2007.11.17"]
[Round "4"]
[White "Saastamoinen,A"]
[Black "Kivisto,M"]
[Result "1/2-1/2"]
[WhiteElo "2161"]
[BlackElo "2311"]

1.e4 d5 2.exd5 Qxd5 3.Nc3 Qd6 4.Nf3 a6 5.g3 Nc6 6.Bg2 Bg4 7.h3 Bf5 8.O-O e5
9.d3 O-O-O 10.Re1 f6 11.a3 Qd7 12.Kh2 Bc5 13.Be3 Bxe3 14.Rxe3 Nge7 15.b4 Nd4
16.a4 Be6 17.Ne4 Nxf3+ 18.Rxf3 Bd5 19.Re3 Bxe4 20.Rxe4 Nf5 21.Qb1 Nd6  1/2-1/2

[Event "ch-UKR Final"]
[Site "Kharkov UKR"]
[Date "2007.11.17"]
[Round "1"]
[White "Jakimov,V"]
[Black "Vysochin,S"]
[Result "1/2-1/2"]
[WhiteElo "2434"]
[BlackElo "2524"]

1.e4 d5 2.exd5 Qxd5 3.Nc3 Qd6 4.d4 Nf6 5.Bd3 Bg4 6.f3 Bh5 7.Nge2 Nc6 8.Bf4 Qd7
9.d5 Nxd5 10.Nxd5 Qxd5 11.Bxc7 e5 12.Bf5 Qxd1+ 13.Rxd1 f6 14.c3 Be7 15.Bd7+ Kf8
16.f4 exf4 17.Bxf4 Be8 18.O-O Rd8 19.Bg4 h5 20.Bf3 h4 21.Be3 b6 22.Rxd8 Bxd8
23.Nf4 g5 24.Ne6+ Ke7 25.Ng7 Ne5 26.Nf5+ Ke6 27.Be4 Bc7 28.Ng7+ Ke7 29.Nf5+ Ke6
30.Ng7+ Ke7 31.Nf5+ Ke6 32.Ng7+  1/2-1/2

[Event "ch-UKR Final"]
[Site "Kharkov UKR"]
[Date "2007.11.19"]
[Round "3"]
[White "Zinchenko,Ya"]
[Black "Vysochin,S"]
[Result "1/2-1/2"]
[WhiteElo "2491"]
[BlackElo "2524"]

1.e4 d5 2.exd5 Qxd5 3.Nc3 Qd6 4.d4 Nf6 5.Nf3 c6 6.Ne5 Nbd7 7.Nc4 Qc7 8.Qf3 Nb6
9.Bf4 Qd7 10.O-O-O Qg4 11.Qxg4 Bxg4 12.f3 Be6 13.Ne5 g6 14.Ne4 Nxe4 15.fxe4 f6
16.Nf3 Bg7 17.Bd3 O-O-O 18.Rhe1 Bg4 19.Be2 Rhe8 20.h3 Be6 21.b3 Bg8 22.a4 e5
23.dxe5 fxe5 24.Bg5 Rxd1+ 25.Rxd1 Kc7 26.Nh2 Nd7 27.Ng4 h5 28.Nf2 Nc5 29.Be3 Ne6
30.Bc4 b6 31.Nd3 Rf8 32.Bd2 Nd8 33.Bxg8 Rxg8 34.Bc3 Re8 35.Rf1 Kd7 36.Kd2 Ke6
37.a5 Nf7 38.axb6 axb6 39.Ra1 Nd6 40.Ke3 Nb5 41.Bb2 Nd4 42.Bxd4 exd4+ 43.Kf3 Be5
44.Ra7 Rf8+ 45.Ke2 Bd6 46.Rg7 Kf6 47.Rb7 b5 48.Rb6 Rc8 49.b4 Ke6 50.Nc5+ Bxc5
51.bxc5 Ke5 52.Kd3 g5 53.Rb7 Ra8 54.Re7+ Kf6 55.Rc7 Ke5 56.Re7+ Kf6 57.Rc7 Ke5  1/2-1/2

[Event "ch-UKR Final"]
[Site "Kharkov UKR"]
[Date "2007.11.20"]
[Round "4"]
[White "Zubarev,Al1"]
[Black "Nosenko,A"]
[Result "1/2-1/2"]
[WhiteElo "2515"]
[BlackElo "2504"]

1.e4 d5 2.exd5 Qxd5 3.Nc3 Qd6 4.d4 c6 5.Nf3 Bg4 6.h3 Bxf3 7.Qxf3 Nf6 8.Be3 e6
9.O-O-O Nbd7 10.Bc4 O-O-O 11.g4 Nb6 12.Bb3 Qd7 13.Bf4 Nfd5 14.Bg3 Nxc3 15.Qxc3 Bd6
16.d5 exd5 17.Qxg7 f5 18.Qxd7+ Kxd7 19.c4 Bxg3 20.fxg3 fxg4 21.cxd5 cxd5
22.hxg4 Kc6 23.Bc2 Nc4 24.Rde1 d4 25.Be4+ Kc7 26.Bd3 Ne3 27.g5 Rd5 28.g6 h5
29.Rh4 Rhd8 30.Reh1 Rg5 31.Rxh5 Rxg3 32.Rh7+ Kb6 33.Rf7 Rd5 34.Rf6+ Ka5 35.Re6 Rdg5
36.a3 Nd5 37.Be4 Nf4 38.Rd6 Re5 39.Bxb7 Rxg6 40.Rxg6 Nxg6 41.Rf1 Re7 42.Bd5 Ne5
43.Kd2 Kb5 44.Rf5 a5 45.Bf3 Kc4 46.Bd1 Kd5 47.Bf3+ Ke6 48.Be4 Rg7 49.Rh5 Kd6
50.Rh6+ Kc5 51.Rh5 Re7 52.b3 Re6 53.Bg2 Kd6 54.Rh4 Kc5  1/2-1/2

[Event "WYg16"]
[Site "Kemer TUR"]
[Date "2007.11.21"]
[Round "4"]
[White "Jamison,C"]
[Black "Iordanidou,Z"]
[Result "0-1"]
[WhiteElo "1949"]
[BlackElo "2012"]

1.e4 d5 2.exd5 Qxd5 3.Nc3 Qd6 4.d4 Nf6 5.Nf3 c6 6.Ne5 Nbd7 7.Bf4 Nxe5 8.dxe5 Qb4
9.Bd2 Ng4 10.Be2 Qd4 11.O-O Nxe5 12.Qc1 Bf5 13.Be3 Qd6 14.Bf4 Qe6 15.Re1 Kd7
16.Ba6 Qg6 17.Bxb7 Rd8  0-1

[Event "WYg16"]
[Site "Kemer TUR"]
[Date "2007.11.21"]
[Round "4"]
[White "Kaya,Sel"]
[Black "Bakhtiyarly,A"]
[Result "0-1"]
[WhiteElo "1600"]
[BlackElo "1951"]

1.e4 d5 2.exd5 Qxd5 3.Nc3 Qd6 4.Nf3 c6 5.g3 Nf6 6.Bg2 Bg4 7.O-O g6 8.d3 Nbd7
9.Re1 Bg7 10.a3 O-O 11.Bf4 e5 12.Bd2 h6 13.h3 Bxf3 14.Bxf3 Kh7 15.Rb1 Ne8
16.g4 f5 17.g5 hxg5 18.Bxg5 Nc7 19.Bg2 Ne6 20.h4 Kh8 21.Bh3  0-1

[Event "WYb14"]
[Site "Kemer TUR"]
[Date "2007.11.21"]
[Round "4"]
[White "Chan Yi Ren,D"]
[Black "Kantans,T"]
[Result "1-0"]
[WhiteElo "2137"]
[BlackElo "2015"]

1.e4 d5 2.exd5 Qxd5 3.Nc3 Qd6 4.d4 Nf6 5.Bc4 a6 6.Nf3 Nbd7 7.Be3 e6 8.Qd2 b5
9.Bb3 Be7 10.d5 e5 11.Ng5 O-O 12.O-O-O Nb6 13.Nce4 Nxe4 14.Nxe4 Qg6 15.d6 Bd8  1-0

[Event "WYb14"]
[Site "Kemer TUR"]
[Date "2007.11.21"]
[Round "4"]
[White "Komut,K"]
[Black "Aplin,C"]
[Result "0-1"]
[WhiteElo "1798"]
[BlackElo "2032"]

1.e4 d5 2.exd5 Qxd5 3.Nc3 Qd6 4.d4 Nf6 5.Nf3 a6 6.Be3 Nc6 7.Be2 Bf5 8.Bd3 Bg6
9.Qd2 e6 10.O-O-O O-O-O 11.a3 Be7 12.Qe2 Bxd3 13.Rxd3 Nd5 14.Ne4 Qd7 15.Rhd1 Nxe3
16.fxe3 Qd5 17.Nc3 Qa5 18.e4 Rhe8 19.Qf2 Kb8 20.d5 exd5 21.exd5 Na7 22.Nd4 Bf6
23.Nb3 Qb6 24.Qxb6 cxb6 25.Na4 b5 26.Nc3 Nc8 27.Nd4 Nb6 28.Nf5 Kc8 29.d6 Kd7
30.Nd5 Nxd5 31.Rxd5 Re2 32.Rf1 Rc8 33.c3 Rxg2 34.h3 b6 35.Rd3 Re8 36.Nd4  0-1

[Event "WYg16"]
[Site "Kemer TUR"]
[Date "2007.11.22"]
[Round "5"]
[White "Tokhirjanova,H"]
[Black "Winkelmann,E"]
[Result "1-0"]
[WhiteElo "2006"]
[BlackElo "2115"]

1.e4 d5 2.exd5 Qxd5 3.Nc3 Qd6 4.d4 Nf6 5.Bd3 a6 6.Nge2 b5 7.Bf4 Qb6 8.O-O e6
9.a4 b4 10.Ne4 Nbd7 11.c4 bxc3 12.bxc3 Bb7 13.a5 Qa7 14.Nxf6+ gxf6 15.Re1 Rc8
16.Ng3 Kd8 17.Qh5 Bd6 18.Bxd6 cxd6 19.Qxf7 Bd5 20.Nf5 Rc6 21.c4 exf5 22.Qxd5 Qc7
23.Bxf5 Rxc4 24.Bxd7  1-0

[Event "WYg16"]
[Site "Kemer TUR"]
[Date "2007.11.22"]
[Round "6"]
[White "Kulon,K"]
[Black "Iordanidou,Z"]
[Result "0-1"]
[WhiteElo "2139"]
[BlackElo "2012"]

1.e4 d5 2.exd5 Qxd5 3.Nc3 Qd6 4.d4 Nf6 5.Nf3 c6 6.h3 Bf5 7.g3 e6 8.Bg2 Qd8
9.O-O Nbd7 10.Qe2 Be7 11.Nd1 Nd5 12.c4 Nb4 13.Ne1 O-O 14.Ne3 Bg6 15.a3 Na6
16.b4 Bf6 17.Bb2 Nc7 18.a4 a6 19.f4 Re8 20.Rd1 Qe7 21.Bc3 Nb6 22.Qa2 Rad8
23.Qa1 Nc8 24.Ng4 Nd6 25.Nxf6+ gxf6 26.d5 exd5 27.c5 Qe3+ 28.Kh2 Nf5 29.Bf3 d4
30.Bd2 Qb3 31.g4 Nh4 32.f5 Rxe1 33.Bxe1 Nxf3+ 34.Kg2 Nxe1+ 35.Rdxe1 Qxb4
36.fxg6 hxg6 37.Qc1 Nd5 38.Kh2 Qxa4 39.Rf2 Kg7 40.g5 f5 41.Rb2 Qa3 42.Qc2 Ne3
43.Qf2 Rh8 44.Kg1 Rxh3 45.Rxb7 Qxc5 46.Qa2 Nd5 47.Qf2 Qc3 48.Kg2 Rh5 49.Qg3 Qd2+
50.Kf3 f4 51.Qg1 Rh3+ 52.Ke4 Ne3 53.Ke5 Rg3 54.Qf1 Rxg5+ 55.Kd6 Rb5 56.Kd7 Qb4  0-1

[Event "WYb14"]
[Site "Kemer TUR"]
[Date "2007.11.22"]
[Round "6"]
[White "Iljiushenok,I"]
[Black "Aplin,C"]
[Result "1-0"]
[WhiteElo "2157"]
[BlackElo "2032"]

1.e4 d5 2.exd5 Qxd5 3.Nc3 Qd6 4.d4 Nf6 5.Nf3 a6 6.g3 Bg4 7.h3 Bh5 8.Bg2 Nc6
9.Bf4 Qe6+ 10.Be3 Qc4 11.g4 Bg6 12.Nd2 Qb4 13.Nb3 e6 14.Qd2 Rd8 15.O-O-O Be7
16.Qe2 Nd5 17.Nxd5 exd5 18.Nc5 O-O 19.a3 Qb6 20.h4 h6 21.h5 Bh7 22.Qd2 Bf6
23.f4 Rfe8 24.g5 Be7 25.g6 fxg6 26.hxg6 Bxg6 27.Rdg1 Na5 28.Bf1 Nc4 29.Bxc4 dxc4
30.f5 Bxf5 31.Rxh6 Rd6 32.Rxd6 Qxd6 33.Bf4 Qd5 34.Be5 Bxc5 35.Rxg7+ Kf8 36.Qh6 Be6
37.Rf7+  1-0

[Event "20th Belgrade Trophy"]
[Site "Belgrade SRB"]
[Date "2007.11.23"]
[Round "2"]
[White "Stankovic,Milo"]
[Black "Bogdanovski,V"]
[Result "0-1"]
[WhiteElo "2109"]
[BlackElo "2429"]

1.e4 d5 2.exd5 Qxd5 3.Nc3 Qd8 4.d4 c6 5.Bc4 Bf5 6.Nf3 e6 7.h3 Nf6 8.Bf4 Bb4
9.O-O Bxc3 10.bxc3 Nd5 11.Bd2 O-O 12.Rb1 Nb6 13.Bb3 N8d7 14.a4 Nf6 15.Bg5 Nbd7
16.Qe2 h6 17.Bf4 Ne4 18.Qe3 Qa5 19.c4 c5 20.d5 Rfe8 21.Rbe1 Bh7 22.Nd2 Nef6
23.Qf3 e5 24.Be3 Qc7 25.Qg3 Kh8 26.f4 Nh5 27.Qf3 exf4 28.Bxf4 Nxf4 29.Qxf4 Qxf4
30.Rxe8+ Rxe8 31.Rxf4 f6 32.Kf1 a5 33.Rf2 Kg8 34.Re2 Rxe2 35.Kxe2 Kf8 36.Nb1 Ke7
37.Nc3 Ne5 38.Ke3 Nf7 39.Nb5 Bf5 40.g4 Bd7 41.Nc3 f5 42.gxf5 Bxf5 43.h4 Nd6
44.Kf4 Kf6 45.Nb5 g5+ 46.hxg5+ hxg5+ 47.Kg3 Nf7 48.c3 Ke5 49.Na3 Bd7 50.Bd1 Nd6
51.Kf3 Nc8 52.Nb5 Nb6 53.Bb3 Bxb5 54.axb5 a4 55.Ba2 a3 56.Kg4 Na4 57.Kxg5 Nxc3
58.Bb3 a2 59.Bxa2 Nxa2 60.Kg6 Nc3 61.Kf7 Kd6  0-1

[Event "20th Belgrade Trophy"]
[Site "Belgrade SRB"]
[Date "2007.11.24"]
[Round "3"]
[White "Vuckovic,Br"]
[Black "Prelevic,D"]
[Result "0-1"]
[WhiteElo "2214"]
[BlackElo "2352"]

1.e4 d5 2.exd5 Qxd5 3.Nc3 Qd6 4.Bc4 Nf6 5.d4 a6 6.Nge2 b5 7.Bf4 Qd8 8.Bd3 Bb7
9.f3 e6 10.a4 b4 11.Ne4 Nd5 12.Bg5 Qc8 13.Qd2 Nd7 14.c4 bxc3 15.bxc3 h6 16.Bh4 f5
17.O-O g5 18.Nxg5 hxg5 19.Qxg5 Kf7 20.Bxf5 exf5 21.Nf4 Nxf4 22.Qxf5+ Kg8
23.Qxf4 Rh7 24.Rae1 Bd6 25.Qg4+ Kh8 26.Re6 Bd5 27.Rf6 Be7 28.Rh6 Rxh6 29.Bxe7 Qg8
30.Qxd7 Qe6 31.Qxc7 Rh7 32.Rb1 Rxe7  0-1

[Event "WYg16"]
[Site "Kemer TUR"]
[Date "2007.11.24"]
[Round "7"]
[White "Girya,O"]
[Black "Beridze,T"]
[Result "1/2-1/2"]
[WhiteElo "2338"]
[BlackElo "2033"]

1.e4 d5 2.exd5 Qxd5 3.Nc3 Qd6 4.d4 Nf6 5.Bc4 a6 6.Nge2 b5 7.Bb3 Bb7 8.Bf4 Qd7
9.f3 e6 10.Be3 Be7 11.O-O O-O 12.Nf4 Nc6 13.Ne4 Nb4 14.Nxf6+ Bxf6 15.c3 Nd5
16.Nxd5 Bxd5 17.Bc2 Rfd8 18.Bd3 Qe7 19.Qc2 g6 20.f4 Qd6 21.Rad1 Qc6 22.b3 Qb7
23.Rd2 Bc6 24.Rfd1 Rd7 25.c4 Rad8 26.f5 Bxd4 27.Bxd4 Rxd4 28.fxe6 fxe6 29.Bf5 Rxd2
30.Bxe6+ Kf8 31.Rxd2 Rxd2 32.Qxd2 Qb6+ 33.Qf2+ Qxf2+ 34.Kxf2 Ke7  1/2-1/2

[Event "WYg16"]
[Site "Kemer TUR"]
[Date "2007.11.24"]
[Round "7"]
[White "Motycakova,M"]
[Black "Vojinovic,J"]
[Result "0-1"]
[WhiteElo "1883"]
[BlackElo "2227"]

1.e4 d5 2.exd5 Qxd5 3.Nc3 Qd6 4.d4 Nf6 5.Nf3 a6 6.g3 b5 7.Bg2 Bb7 8.Bf4 Qb6
9.Qd2 e6 10.O-O c5 11.dxc5 Bxc5 12.Be5 Nbd7 13.Bd4 O-O 14.Rad1 Rac8 15.Ne2 Bd5
16.Rfe1 Qc7 17.Nc3 Bb4 18.Ne5 Bxg2 19.Nxd7 Qxd7 20.Kxg2 Bxc3 21.bxc3 Qd5+
22.f3 Nd7 23.a3 h6 24.Qf4 Qc6 25.Qg4 e5 26.Be3 Nf6 27.Qf5 Qxc3 28.Re2 e4
29.fxe4 Qc6 30.Bf4 Rfe8 31.Kf3 g6 32.Qh3 Nxe4  0-1

[Event "KNSB TCh-NED 2007-8"]
[Site "Netherlands NED"]
[Date "2007.11.24"]
[Round "4"]
[White "Van Haastert,E"]
[Black "Feygin,M"]
[Result "1/2-1/2"]
[WhiteElo "2414"]
[BlackElo "2531"]

1.e4 d5 2.exd5 Qxd5 3.Nc3 Qd6 4.d4 Nf6 5.Nf3 c6 6.Bg5 Bg4 7.Be2 Nbd7 8.Qd2 e6
9.O-O Qc7 10.h3 Bh5 11.Bf4 Bd6 12.Bxd6 Qxd6 13.Rad1 O-O 14.Ng5 Bxe2 15.Nxe2 Rad8
16.Nf3 Rfe8 17.Ng3 Nf8 18.Rfe1 Ng6 19.a3 Rd7 20.Qe3 Red8 21.Ne5 Nd5 22.Qb3 Nxe5  1/2-1/2